Statistics for Name Any Super Bowl MVP By Team

Click here to take the quiz!

General Stats

  • This quiz has been taken 66 times
  • The average score is 16 of 20

Answer Stats

TeamPlayers% Correct
ColtsPeyton Manning
100%
GiantsOttis Anderson | Eli Manning | Phil Simms
100%
PatriotsTom Brady | Deion Branch | Julian Edelman
100%
SaintsDrew Brees
98%
ChiefsLen Dawson | Patrick Mahomes
98%
49ersJoe Montana | Jerry Rice | Steve Young
97%
PackersDesmond Howard | Aaron Rodgers | Bart Starr
97%
CowboysTroy Aikman | Larry Brown | Chuck Howley | Harvey Martin |
Emmitt Smith | Roger Staubach | Randy White
97%
RavensJoe Flacco | Ray Lewis
97%
BroncosTerrell Davis | John Elway | Von Miller
95%
EaglesNick Foles
95%
SteelersTerry Bradshaw | Franco Harris | Santonio Holmes |
Lynn Swann | Hines Ward
88%
RamsKurt Warner
85%
JetsJoe Namath
83%
RedskinsJohn Riggins | Mark Rypien | Doug Williams
68%
DolphinsLarry Csonka | Jake Scott
58%
SeahawksMalcolm Smith
58%
RaidersMarcus Allen | Fred Biletnikoff | Jim Plunkett
56%
BearsRichard Dent
41%
BuccaneersDexter Jackson
32%

Score Distribution

Percentile by Number Answered

Percent of People with Each Score

Your Score History

You have not taken this quiz